Statistics for Ariana Grande "34+35 remix" ft. Doja and Megan - lyrics

Click here to take the quiz!

General Stats

  • This quiz has been taken 220 times
    (114 since last reset)
  • The average score is 343 of 479

Answer Stats

HintAnswer% Correct
Chorus (A) | left outX
100%
a
96%
i
96%
the
96%
me
95%
Ariana | Verse 1you
95%
fuck
91%
"fuck
91%
thirty-five
91%
three
90%
to
90%
up?
90%
up
90%
all
89%
can
89%
night?
89%
then
89%
baby
88%
(baby)
88%
i'm
86%
I'm
86%
stay
86%
thirty-four
86%
til
86%
we
86%
when
86%
When
86%
it"
85%
it
85%
daylight
84%
do
84%
he
84%
Arianamight
84%
but
83%
by
83%
crazy
83%
six
83%
I've
81%
i've
81%
think
81%
been
80%
so
80%
tonight?
80%
tonight
80%
wanna
80%
what
80%
your
79%
just
78%
keep
78%
an
76%
"doin'
76%
doin'
76%
say
76%
six-nine
76%
way
76%
and
75%
in
75%
movies
75%
right"
75%
that
75%
them
75%
Watchin'
75%
"69"
74%
ain't
74%
coffee
74%
Arianadon't
74%
make
74%
sixty-nine
74%
cravin'
73%
my
73%
with
73%
if
71%
thing
71%
babies
70%
like
70%
no
70%
want
70%
ass
69%
better
69%
know
69%
put
69%
drinkin'
68%
get
68%
girl
68%
health
68%
shit
68%
show
68%
for
66%
jet
66%
body
65%
bring
65%
eatin'
65%
energy
65%
come
64%
hear
64%
or
64%
wake
64%
savin'
63%
healthy
61%
plainly
61%
seen
61%
bitch
60%
boy
60%
eight
60%
fine
60%
got
60%
her
60%
i'll
60%
lag
60%
list
60%
obvious
60%
quite
60%
without
60%
behind
59%
numbers
59%
overnight
59%
seven
59%
yeah
59%
bad
58%
'bout
58%
gimme
58%
o'clock
58%
pussy
58%
shower
56%
about
55%
Netflix
55%
Tekashi
55%
add
54%
bag
54%
'cause
54%
good
54%
hour
54%
said
54%
teach
54%
whole
54%
choose
53%
let
53%
pretend
53%
Starbucks
53%
finish
51%
Hulu?
51%
listen
51%
neighbors
51%
play
51%
through
51%
welcome
51%
forget
50%
squeaky
50%
cute
49%
he's
49%
hit
49%
on
49%
pumps
49%
boys
48%
channel
48%
find
48%
have
48%
it's
48%
this
48%
back
46%
call
46%
rewind
46%
spank
46%
maybe
45%
OutroMeans
45%
Meganrock
45%
you'll
45%
DIY
44%
never
44%
private
44%
today
44%
was
44%
clappin'
43%
hurt
43%
island
43%
math
43%
not
43%
they
43%
AH
41%
class
41%
crushin
41%
legs
41%
need
41%
superfood
41%
applaudin'
40%
cat
40%
kitty
40%
purr
40%
rest
40%
sleep
40%
audience
39%
can-can
39%
bald
38%
best
38%
dive
38%
myself
38%
pop
38%
water
38%
Youtube
38%
act
36%
ballerina
36%
band
36%
sound
36%
stoppin'
36%
thank
36%
enough
35%
hope
35%
now
35%
tutu
35%
tired
34%
girlfriend
33%
i'ma
33%
I'ma
33%
playin'
33%
read
33%
somethin'
33%
his
31%
finna
30%
him
30%
left
30%
dog
28%
rain
28%
squirt
28%
toes
28%
'em
26%
point
24%
makin'
20%
spray
20%
perfect
19%
that's
18%
ayy
14%

Score Distribution

Percentile by Number Answered

Percent of People with Each Score

Your Score History

You have not taken this quiz since the last reset